Влияние промывок на качество фитостерина-сырца; Химия и химическая технология древесины; Вып. 2

Podrobná bibliografie
Parent link:Химия и химическая технология древесины: межвузовский сборник научных трудов/ Сибирский технологический институт (СибТИ).— , 1973-1977
Вып. 2.— 1974.— С. 3-5
Hlavní autor: Шайдурова С. И.
Další autoři: Медников Ф. А.
Jazyk:ruština
Vydáno: 1974
Médium: Kapitola
KOHA link:https://koha.lib.tpu.ru/cgi-bin/koha/opac-detail.pl?biblionumber=205792

MARC

LEADER 00000naa2a2200000 4500
001 205792
005 20231031190542.0
035 |a (RuTPU)RU\TPU\book\224280 
090 |a 205792 
100 |a 20111214d1974 k y0rusy50 ca 
101 0 |a rus 
102 |a RU 
200 1 |a Влияние промывок на качество фитостерина-сырца  |f С. И. Шайдурова, Ф. А. Медников 
461 0 |0 (RuTPU)RU\TPU\book\136931  |t Химия и химическая технология древесины  |o межвузовский сборник научных трудов  |f Сибирский технологический институт (СибТИ)  |d 1973-1977 
463 0 |0 (RuTPU)RU\TPU\book\224263  |t Вып. 2  |v С. 3-5  |d 1974  |p 150 с. 
700 1 |a Шайдурова  |b С. И. 
701 1 |a Медников  |b Ф. А. 
801 1 |a RU  |b 63413507  |c 20111214 
942 |c BK